00405nam a2200121 i 4500001000300000100001900003245008500022260002100107040000800128041000800136008004100144856009800185bg1 aZUROWSKI, Adam 0aMiernictwo w budowie dróg, kolei, mostów, tuneli i lotnisk /cAdam Zurowski. aGdańsk,c1980. cBPK apol s pl f |000 0 pol  uhttp://koha.tu.koszalin.pl/cgi-bin/koha/opac-detail.pl?biblionumber=19617yKatalog online BPK